Formule 1 - Victoires de Max Verstappen - Statistiques

Statistiques générales
  • Ce quiz a été pris 109 fois
    44 depuis la dernière actualisation
  • Le résultat moyen est 46 sur 71
Statistiques - réponses
Victoires % Correct
Barcelone 2016
83%
Imola 2022
79%
Imola 2024
79%
Interlagos 2024
79%
Suzuka 2025
79%
Imola 2025
75%
Las Vegas 2025
75%
Losail 2024
75%
Losail 2025
75%
Monza 2023
75%
Spa-Francorchamps 2021
75%
Spa-Francorchamps 2022
75%
Spa-Francorchamps 2023
75%
Suzuka 2023
75%
Yas Marina 2021
75%
Yas Marina 2023
75%
Yas Marina 2025
75%
Albert Park 2023
71%
Austin 2021
71%
Austin 2023
71%
Hungaroring 2022
71%
Hungaroring 2023
71%
Imola 2021
71%
Interlagos 2023
71%
Sakhir 2023
71%
Suzuka 2022
71%
Suzuka 2024
71%
Zandvoort 2023
71%
Barcelone 2023
67%
Barcelone 2024
67%
Interlagos 2019
67%
Las Vegas 2023
67%
Mexico 2022
67%
Mexico 2023
67%
Miami 2023
67%
Monaco 2023
67%
Monza 2022
67%
Monza 2025
67%
Paul-Ricard 2021
67%
Paul-Ricard 2022
67%
Sakhir 2024
67%
Spielberg 2023
67%
Zandvoort 2021
67%
Zandvoort 2022
67%
Austin 2022
63%
Barcelone 2022
63%
Losail 2023
63%
Monaco 2021
63%
Spielberg 2021
63%
Yas Marina 2022
63%
Austin 2025
58%
Mexico 2018
58%
Mexico 2021
58%
Shanghai 2024
58%
Silverstone 2020
58%
Djeddah 2022
54%
Djeddah 2024
54%
Gilles-Villeneuve 2024
54%
Silverstone 2023
54%
Yas Marina 2020
54%
Bakou 2025
50%
Gilles-Villeneuve 2023
50%
Spielberg 2018
50%
Gilles-Villeneuve 2022
46%
Hockenheim 2019
46%
Miami 2022
46%
Sepang 2017
46%
Spielberg 2019
46%
Bakou 2022
42%
Mexico 2017
38%
Spielberg 2021
38%
Aucun quiz correspondant
Distribution des résultats
% des personnes avec chaque résultat
Percentile par nombre de réponses
Votre historique - résultats
Vous n’avez pas pris ce quiz depuis la dernière actualisation